| Record ID | talis_openlibrary_contribution/talis-openlibrary-contribution.mrc:2938238886:587 |
| Source | Talis |
| Download Link | /show-records/talis_openlibrary_contribution/talis-openlibrary-contribution.mrc:2938238886:587?format=raw |
LEADER: 00587nam a22001572a 4500
001 a2917c97adb14efdbc3b4c38ccd34eea
003 UK-BiTAL
005 20050706024459.0
008 950109s1976 fr | 000 ||fre|d
035 $a()v2569715
040 $aUkShU$cUkShU$dUK-BiTAL
100 1 $aRacine, Jean,$d1639-1699.
245 00 $aPhédre :$btragédie, 1677 : exte conforme à l'édition des Grands Écrivains de la France /$cavec un tableau ... desnotes ... établis par Jean Balcon.
260 $aParis :$bHachette,$c1976.
490 0 $aNouveaux Classiques Illustrés Hachette
700 1 $aBalcou, Jean.